Dàn bài làm văn lớp 12

में बचाया:
ग्रंथसूची विवरण
मुख्य लेखक: Trần Thanh Đạm
स्वरूप: पुस्तक
भाषा:Undetermined
प्रकाशित: Hà Nội Giáo dục 1999
विषय:
टैग : टैग जोड़ें
कोई टैग नहीं, इस रिकॉर्ड को टैग करने वाले पहले व्यक्ति बनें!
Thư viện lưu trữ: Trung tâm Học liệu Trường Đại học Cần Thơ
LEADER 00502nam a2200169Ia 4500
001 CTU_46553
008 210402s9999 xx 000 0 und d
082 |a 807 
082 |b D105/L12/1999 
100 |a Trần Thanh Đạm 
245 0 |a Dàn bài làm văn lớp 12 
245 0 |c Trần Thanh Đạm 
260 |a Hà Nội 
260 |b Giáo dục 
260 |c 1999 
650 |a literature - study and teaching ( secondary ) 
980 |a Trung tâm Học liệu Trường Đại học Cần Thơ